| 000 | 01647nam0a2200373 i 4500 | ||
|---|---|---|---|
| 001 | RU\NLR\BIBL_A\010017629 | ||
| 005 | 20241102041411.0 | ||
| 010 |
_a9785394023149 _91000 |
||
| 021 |
_aRU _b2013-89364 _96174 |
||
| 035 | _a(NILC)RuMoRGB-006689345 | ||
| 035 | _a(NLR Aleph) 010017629 | ||
| 090 |
_a9884850 _c9884850 |
||
| 100 | _a20131224d2014 u y0rusy50 ca | ||
| 101 | 0 | _arus | |
| 102 | _aRU | ||
| 105 | _aa|||z|||||||| | ||
| 200 | 1 |
_aСемьеведение _eучебник _e[для студентов по направлению подготовки "Социальная работа"] _fЕ.М. Черняк |
|
| 210 |
_aМосква _cДашков и К° _d2014 _d[т. е. 2013] |
||
| 215 |
_a287 с. _cтабл. _d21 |
||
| 225 | 2 | _aСерия "Учебные издания для бакалавров" | |
| 300 | _aНа 4-й с. обл. авт.: Е.М. Черняк, д.филос.н., проф., акад. Междунар. акад. информатизации | ||
| 300 | _aКн. фактически изд. в 2013 г. | ||
| 320 | _aБиблиогр.: с. 286-287 и в подстроч. примеч. | ||
| 320 | _aДр. книги авт. на 4-й с. обл. | ||
| 606 |
_aСемья _jУчебники для высших учебных заведений _91191632 _3RU\NLR\AUTH\66163240 |
||
| 610 | 0 | _aсемьеведение | |
| 675 | _a316.811(075.8) | ||
| 686 | 1 | _aС550.537я73 | |
| 700 | 1 |
_aЧерняк _bЕ. М. _gЕвгения Михайловна |
|
| 801 | 0 |
_aRU _bRuMoRKP _c20131105 _gRCR |
|
| 801 | 2 |
_aRU _bРГБ _c20131121 _grcr |
|
| 942 | _cBOOK | ||
| 980 | _aNBR | ||